Statistics for Eurovision Song Contest 2022

Click here to take the quiz!

General Stats

  • This quiz has been taken 581 times
    (435 since last reset)
  • The average score is 54 of 80

Answer Stats

CountryAct or Song% Correct
Estonian ActStefan
93%
Spanish SongSloMo
91%
Ukrainian SongStefania
91%
British SongSPACE MAN
90%
Italian SongBrividi
86%
Spanish ActChanel
85%
Norwegian SongGive That Wolf a Banana
85%
Swedish SongHold Me Closer
83%
Ukrainian ActKalush Orchestra
83%
Armenian SongSnap
82%
Swiss SongBoys Do Cry
81%
Polish SongRiver
80%
British ActSam Ryder
80%
Greek SongDie Together
79%
Austrian SongHalo
78%
Finnish SongJezebel
78%
German SongRockstars
78%
Albanian SongSekret
78%
Swedish ActCornelia Jakobs
77%
Estonian SongHope
77%
Norwegian ActSubwoolfer
77%
Latvian SongEat Your Salad
76%
Lithuanian SongSentimentai
76%
Australian SongNot the Same
75%
Dutch ActS10
75%
Portuguese SongSaudade, saudade
75%
Irish SongThat's Rich
75%
Slovenian SongDisko
74%
Cypriotic SongEla
74%
Finnish ActThe Rasmus
74%
Dutch SongDe diepte
73%
French SongFulenn
73%
Israeli SongI.M
73%
Czech SongLights Off
73%
Romanian SongLlámame
73%
Lithuanian ActMonika Liu
73%
Belgian SongMiss You
72%
Serbian ActKonstrakta
71%
Italian ActMahmood & BLANCO
71%
Sammarinese SongStripper
71%
Maltese SongI Am What I Am
69%
Polish ActOchman
69%
Czech ActWe Are Domi
69%
Irish ActBrooke
68%
Serbian SongIn corpore sano
68%
North Macedonian SongCircles
67%
Croatian SongGuilty Pleasure
67%
Slovenian ActLPS
67%
Portuguese ActMARO
67%
Armenian ActRosa Linn
67%
Swiss ActMarius Bear
66%
Danish SongThe Show
66%
Romanian ActWRS
66%
Azerbaijani SongFade to Black
65%
Australian ActSheldon Riley
65%
Montenegrine SongBreathe
63%
Icelandic ActSystur
61%
Georgian ActCircus Mircus
59%
Danish ActREDDI
59%
Cypriotic ActAndromache
58%
Maltese ActEmma Muscat
58%
Austrian ActLUM!X feat. Pia Maria
58%
Israeli ActMichael Ben David
58%
Latvian ActCiti Zēni
57%
Georgian SongLock Me In
57%
German ActMalik Harris
57%
Sammarinese ActAchille Lauro
55%
Albanian ActRonela Hajati
55%
Greek ActAmanda Georgiadi Tenfjord
54%
Montenegrine ActVladana
54%
North Macedonian ActAndrea
53%
French ActAlvan & Ahez
51%
Bulgarian SongIntention
49%
Bulgarian ActIntelligent Music Project
48%
Belgian ActJérémie Makiese
48%
Croatian ActMia Dimšić
47%
Moldovan SongTrenulețul
46%
Azerbaijani ActNadir Rustamli
37%
Icelandic SongMeð hækkandi sól
31%
Moldovan ActZdob și Zdub & Advahov Brothers
29%

Score Distribution

Percentile by Number Answered

Percent of People with Each Score

Your Score History

You have not taken this quiz since the last reset